|
|
|
|
| LEADER |
00000cam a2200000 7i4500 |
| 001 |
0000008021 |
| 002 |
000008755 |
| 005 |
20000330.0 |
| 020 |
|
|
|a 0706373774
|
| 090 |
0 |
0 |
|a 746.95
|b BLA
|
| 100 |
1 |
|
|a Blake, Jill
|
| 245 |
1 |
0 |
|a Cushions and covers
|c Jill Blake
|
| 260 |
|
|
|a London :
|b Ward Lock ,
|c 1995
|
| 300 |
|
|
|a 96 p. ;
|c 23 cm.
|
| 490 |
0 |
|
|a Quick and easy
|
| 650 |
0 |
0 |
|a Cushions
|
| 650 |
0 |
0 |
|a Pillows
|
| 999 |
|
|
|a 081116
|b BUKU
|c PINJAMAN
|e PERPUSTAKAAN KOMUNITI PETALING JAYA
|
| 999 |
|
|
|a 081117
|b BUKU
|c PINJAMAN
|e PERPUSTAKAAN KOMUNITI PETALING JAYA
|
| 999 |
|
|
|a 081118
|b BUKU
|c PINJAMAN
|e PERPUSTAKAAN KOMUNITI PETALING JAYA
|